000 00939nam a2200205 i 4500
001 bg
245 0 _aNew enviromental aspects of land use in Poland and Hungary :
_btransactions of the 3rd Polish-Hungarian Seminar Lublin, November 7-8, 1991 r. /
_c[red. zesz. Ryszard Dębicki, Jan Gliński].
260 _aLublin :
_bInstytut Agrofizyki,
_c1993.
300 _a110 s. :
_bmapy, rys., wykr. ;
_c24 cm.
490 1 _aZeszyty Problemowe Postępów Nauk Rolniczych / Polska Akademia Nauk. Wydział Nauk Rolniczych i Leśnych,
_x0084-5477 ;
_vz. 400
710 _aPOLSKA AKADEMIA NAUK. Wydział Nauk Rolniczych i Leśnych
830 0 _aZeszyty Problemowe Postępów Nauk Rolniczych (Polska Akademia Nauk. Wydział Nauk Rolniczych i Leśnych) ;
_vz. 400
020 _a8390034751
040 _cBPK
041 _apol
080 _a631.4:628.39](061.3)
920 _a83-900347-5-1
942 _cKS
008 s pl f |000 0 pol
999 _c30117
_d30117
856 _uhttp://koha.tu.koszalin.pl/cgi-bin/koha/opac-detail.pl?biblionumber=30117
_yKatalog online BPK